The AutoCADet’s guide to Visual LISP : optimize and customize your AutoCAD design environment

Tallennettuna:
Bibliografiset tiedot
Päätekijä: Kramer, Bill, 1958-
Aineistotyyppi: Kirja
Julkaistu: CMP Books 2002
Tagit: Lisää tagi
Ei tageja, Lisää ensimmäinen tagi!
Thư viện lưu trữ: Mạng thư viện Đại học Đà Nẵng
LEADER 00586nam a2200217 a 4500
001 000028768
003 30720
005 20171030145630.0
008 171030s2002
040 |a LTT 
082 0 |a 006,6633  |b KR-B 
100 1 |a Kramer, Bill, 1958- 
245 0 0 |a The AutoCADet’s guide to Visual LISP : optimize and customize your AutoCAD design environment  |c Bill Kramer. 
260 |b CMP Books  |c 2002 
OWN |a LTT 
999 |a From the UDN01 
TYP |a Monograph 
TYP |a Printed language 
980 |a Mạng thư viện Đại học Đà Nẵng